| 000 | 01345cad a22002175a 4500 | ||
|---|---|---|---|
| 001 | L140101 | ||
| 008 | 070904e20070830xxko f 000 0 eng d | ||
| 035 | _a(Sirsi) u140101 | ||
| 041 | 0 | _aeng | |
| 050 | 0 | 4 | _a692.3094 $2 18 |
| 100 | 1 | _aKippes, Stephan | |
| 245 | 0 | 0 |
_aHow big is your house? _bproblems with the calculation of floor space _h[electronic resource] |
| 260 |
_aLondon _bRICS _c2007 |
||
| 490 | 0 |
_aRICS Findings in Built and Rural Environments _vAugust 2007 |
|
| 520 | _aAddresses issues relating to the calculation of floor space in residential properties. This is a key determinant of overall cost. However in most of Germany there is no legislation defining how floor measurements should be made. Compounding this, the two standards in use are either officially abandoned or widely seen as unsuitable for residential properties. Presents an empirical analysis of the problems with particular reference to examples in Munich. Finds that the methods of measurement in use are difficult for experts and incomprehensible for buyers and that figures yielded by the calculations are often misleading. | ||
| 590 | _aKA | ||
| 651 | 4 |
_aDeutschland = Germany _y1990- |
|
| 690 |
_aResidential property _96266 |
||
| 856 | 4 | 8 |
_uhttps://www.rics.org/site/scripts/download_info.aspx?downloadID=3106 _zBroken link - not available |
| 942 | _n0 | ||
| 999 |
_c107419 _d107419 |
||